Štandardizácia verzus diferenciácia v medzinárodnom marketingu priemyselných podnikov SR
Objasnenie problematiky štandardizácie a diferenciácie v medzinárodnom marketingu a výsledky výskumu aplikovania štandardizácie a diferenciácie a ich najdôležitejších faktorov v priemyselných podnikoch SR.
Enregistré dans:
| Auteur principal: | |
|---|---|
| Format: | Chapitre de livre |
| Langue: | slovaque |
| Sujets: | |
| Tags: |
Pas de tags, Soyez le premier à ajouter un tag!
|
MARC
| LEADER | 00000nla$a2200000$$$4500 | ||
|---|---|---|---|
| 001 | 0103839 | ||
| 005 | 20240502072131.0 | ||
| 041 | 0 | |a slo | |
| 044 | |a SK | ||
| 245 | 1 | 0 | |a Štandardizácia verzus diferenciácia v medzinárodnom marketingu priemyselných podnikov SR |c Zuzana Roby |
| 520 | |a Objasnenie problematiky štandardizácie a diferenciácie v medzinárodnom marketingu a výsledky výskumu aplikovania štandardizácie a diferenciácie a ich najdôležitejších faktorov v priemyselných podnikoch SR. | ||
| 610 | 2 | 0 | |a štandardizácia |
| 610 | 2 | 0 | |a podnik priemyselný |
| 610 | 2 | 0 | |a Slovensko |
| 610 | 2 | 0 | |a výskum ekonomický |
| 610 | 2 | 0 | |a marketing medzinárodný |
| 100 | 1 | |a Roby, Zuzana | |